| 000 | 00509nam a2200193Ia 4500 | ||
|---|---|---|---|
| 005 | 20250326142855.0 | ||
| 008 | 250326s9999 xx 000 0 und d | ||
| 037 | _aTextbook | ||
| 040 |
_aFMSL _beng _cFMSL |
||
| 041 |
_aeng _2eng |
||
| 084 |
_aX:51.1 M1 _qFMSL |
||
| 100 |
_aWalsh L S _9746790 |
||
| 245 | 0 |
_aInternational marketing _cWalsh L S |
|
| 250 | _aEd2 | ||
| 260 |
_aMacdonald _bMacdonald, and Eyan _c1981 |
||
| 300 | _a268p | ||
| 942 |
_cTB _hX:51.1 M1 |
||
| 999 |
_c1297054 _d1297054 |
||